Doing business in the Middle East : (Record no. 2334)
[ view plain ]
| 000 -LEADER | |
|---|---|
| fixed length control field | 01147nac a22002531u 4500 |
| 010 ## - LIBRARY OF CONGRESS CONTROL NUMBER | |
| LC control number | 2003069748 |
| 020 ## - INTERNATIONAL STANDARD BOOK NUMBER | |
| International Standard Book Number | 0521839556 |
| 082 00 - DEWEY DECIMAL CLASSIFICATION NUMBER | |
| Classification number | 330.95367 |
| Item number | M7811 |
| 090 ## - LOCALLY ASSIGNED LC-TYPE CALL NUMBER (OCLC); LOCAL CALL NUMBER (OCLC) | |
| -- | 2334 |
| -- | 2334 |
| 100 ## - MAIN ENTRY--PERSONAL NAME | |
| Personal name | Moore, Pete W. |
| 245 10 - TITLE STATEMENT | |
| Title | Doing business in the Middle East : |
| Remainder of title | politics and economic crisis in Jordan und Kuwait / |
| Statement of responsibility, etc | Pete W. Moore. |
| 260 ## - PUBLICATION, DISTRIBUTION, ETC. (IMPRINT) | |
| Place of publication, distribution, etc | Cambridge, UK ; |
| -- | New York, N.Y. : |
| Name of publisher, distributor, etc | Cambridge University Press,2004 |
| Date of publication, distribution, etc | 2004. |
| 300 ## - PHYSICAL DESCRIPTION | |
| Extent | xii, 215 p. ; |
| Dimensions | 24 cm. |
| 440 #0 - | |
| -- | Cambridge Middle East studies ; |
| -- | 20 |
| 504 ## - BIBLIOGRAPHY, ETC. NOTE | |
| Bibliography, etc | Includes bibliographical references and index. |
| 651 #0 - SUBJECT ADDED ENTRY--GEOGRAPHIC NAME | |
| Geographic name | Kuwait |
| General subdivision | Economic conditions. |
| 651 #0 - SUBJECT ADDED ENTRY--GEOGRAPHIC NAME | |
| Geographic name | Jordan |
| General subdivision | Economic conditions. |
| 651 #0 - SUBJECT ADDED ENTRY--GEOGRAPHIC NAME | |
| Geographic name | Kuwait |
| General subdivision | Politics and government. |
| 651 #0 - SUBJECT ADDED ENTRY--GEOGRAPHIC NAME | |
| Geographic name | Jordan |
| General subdivision | Politics and government. |
| 856 42 - ELECTRONIC LOCATION AND ACCESS | |
| Materials specified | Publisher description |
| Uniform Resource Identifier | <a href="http://www.loc.gov/catdir/description/cam041/2003069748.html">http://www.loc.gov/catdir/description/cam041/2003069748.html</a> |
| 856 42 - ELECTRONIC LOCATION AND ACCESS | |
| Materials specified | Table of contents |
| Uniform Resource Identifier | <a href="http://www.loc.gov/catdir/toc/cam041/2003069748.html">http://www.loc.gov/catdir/toc/cam041/2003069748.html</a> |
| 942 ## - ADDED ENTRY ELEMENTS (KOHA) | |
| Item type | Book - Borrowing |
| Call number prefix | 330.95367M7811 |
| Withdrawn status | Item status | Damaged status | Not for loan | Home library | Current library | Shelving location | Date acquired | Source of acquisition | Total Checkouts | Full call number | Barcode | Date last seen | Date last borrowed | Koha item type |
|---|---|---|---|---|---|---|---|---|---|---|---|---|---|---|
| Central Library | Central Library | First floor | 18/02/2007 | Purchase | 1 | 330.95367 MOO | 000001848 | 15/07/2025 | 08/12/2009 | Book - Borrowing |